Представление документа в формате RUSMARC

ПолеНазваниеЗначение
  Тип записи c
  Библиографический уровень m
001 Контрольный номер UONB/MAIN/5734670624c34632909daad360fc638c
005 Дата корректировки 20240407131500.0
100 Данные общей обработки __
a Данные общей обработки 20240407d2000 u y0rusy0189 ca
101 Язык документа 0_
a Язык текста rus
f Язык титульного листа rus
102 Страна публикации __
a Страна публикации RU
200 Заглавие и сведения об ответственности 1_
a Заглавие Сборник произведений
b Общее обозначение материала Ноты
e Сведения, относящиеся к заглавию для детского или женского хора
210 Выходные данные 1_
a Место издания Москва
c Издательство АСТ
c Издательство Фолио
d Дата издания 2000 -
215 Физическое описание __
d Формат 29 см
225 Серия 1_
a Серия Нотная коллекция хормейстера
686 Индексы других классификаций __
a Классификационный индекс 85
2 Код системы rubbk
801 Источник записи _0
a Страна RU
b Организация Ульяновская ОНБ
c Дата составления 20240407
g Правила каталогизации RCR
801 Источник записи _1
a Страна RU
b Организация Ульяновская ОНБ
c Дата составления 20240407
g Правила каталогизации RCR
901 Тип документа __
t Тип документа v
909 Создатель записи __
a Создатель записи Грязнова И. Е.
b Дата создания записи 20240407